ARRUPE JESUIT UNIVERSITY

CORONAVIRUS -STOP THE SPREAD - CLEAN,DISINFECT,COVER

Unlocking divine action : (Record no. 120259)

MARC details
000 -LEADER
fixed length control field 01445cam a22003014a 4500
001 - CONTROL NUMBER
control field 17154453
003 - CONTROL NUMBER IDENTIFIER
control field ARRUPE
005 - DATE AND TIME OF LATEST TRANSACTION
control field 20140401020010.0
008 - FIXED-LENGTH DATA ELEMENTS--GENERAL INFORMATION
fixed length control field 120208s2012 dcu b 001 0 eng
010 ## - LIBRARY OF CONGRESS CONTROL NUMBER
LC control number 2012003185
020 ## - INTERNATIONAL STANDARD BOOK NUMBER
International Standard Book Number 9780813219899 (cloth : alk. paper)
040 ## - CATALOGING SOURCE
Original cataloging agency DLC
Transcribing agency DLC
Modifying agency DLC
042 ## - AUTHENTICATION CODE
Authentication code pcc
050 00 - LIBRARY OF CONGRESS CALL NUMBER
Classification number BT135
Item number .D63 2012
300 ## - PHYSICAL DESCRIPTION
Dimensions 24 cm.
100 1# - MAIN ENTRY--PERSONAL NAME
Personal name Dodds, Michael J.
9 (RLIN) 9281
245 10 - TITLE STATEMENT
Title Unlocking divine action :
Remainder of title contemporary science & Thomas Aquinas /
Statement of responsibility, etc Michael J. Dodds.
260 ## - PUBLICATION, DISTRIBUTION, ETC. (IMPRINT)
Place of publication, distribution, etc Washington, D.C. :
Name of publisher, distributor, etc Catholic University of America Press,
Date of publication, distribution, etc c2012.
300 ## - PHYSICAL DESCRIPTION
Extent xii, 311 p. ;
504 ## - BIBLIOGRAPHY, ETC. NOTE
Bibliography, etc Includes bibliographical references (p. 267-301) and indexes.
505 0# - FORMATTED CONTENTS NOTE
Formatted contents note Causality in Aquinas -- Causality locked and unlocked in empirical science -- Locking divine action in modern science -- Unlocking divine action through the new theories of contemporary science -- Unlocking divine action through the new causality of contemporary science -- Divine action and the causality of creatures -- Providence, prayer, and miracles.
600 00 - SUBJECT ADDED ENTRY--PERSONAL NAME
Personal name Thomas,
Titles and other words associated with a name Aquinas, Saint,
Dates associated with a name 1225?-1274.
9 (RLIN) 9282
650 #0 - SUBJECT ADDED ENTRY--TOPICAL TERM
Topical term or geographic name as entry element Providence and government of God
General subdivision Christianity.
9 (RLIN) 9283
650 #0 - SUBJECT ADDED ENTRY--TOPICAL TERM
Topical term or geographic name as entry element Causation.
9 (RLIN) 9284
650 #0 - SUBJECT ADDED ENTRY--TOPICAL TERM
Topical term or geographic name as entry element Religion and science.
9 (RLIN) 9285
906 ## - LOCAL DATA ELEMENT F, LDF (RLIN)
a 7
b cbc
c orignew
d 1
e ecip
f 20
g y-gencatlg
942 ## - ADDED ENTRY ELEMENTS (KOHA)
Source of classification or shelving scheme Library of Congress Classification
Koha item type Monograph ( Printed materials)
Koha issues (borrowed), all copies 1
Holdings
Withdrawn status Lost status Source of classification or shelving scheme Damaged status Not for loan Home library Current library Shelving location Date acquired Total Checkouts Full call number Barcode Date last seen Date checked out Price effective from Koha item type
    Library of Congress Classification     ARRUPE LIBRARY ARRUPE LIBRARY Main Collection 25/03/2014 2 BT135 .D63 2012 46500002161 11/01/2017 02/11/2015 25/03/2014 Monograph ( Printed materials)

 

Arrupe Library. PO Box MP320 Mt Pleasant, Harare, Zimbabwe
263 242 745411|librarian@aju.ac.zw